000 00740nam a22002417a 4500
001 BR9500383
003 BR-BrBNA
005 20230928094420.0
007 ta
008 230509b bl.||||| |||| 00| 0 por d
040 _aBR-BrBNA
_bpor
_cBiblioteca Nacional de Agricultura
041 _a(Por)
072 _aE14
090 _ E14 BR9500383
110 1 _aBanco do Nordeste do Brasil S.A., Fortaleza, CE (Brasil). Escritorio Tecnico de Estudos Economicos do Nordeste
_91146
245 1 _aProjeto de planejamento global para o nordeste do Brasil
260 3 _aFortaleza, CE (Brasil):
_c1955.
300 _a10 p.
650 _aPlanejamento Regional
650 _aRegiao Nordeste
909 _a202309
_bLucia
_c55
_dLucia Elande
942 _cBK
999 _c50612
_d50612